00492nam a2200145Ia 4500008004100000020001800041050001900059100001800078245007700096260002000173300002400193500005200217650003900269700003800308120720s9999 xx 000 0 und d a968-18-1719-2 aQA303 A68 1986 aANTON, HOWARD aCALCULO Y GEOMETRIA ANALITICA / HOWARD ANTON ; TR. RODOLFO PIÑA GARCIA aMEXICO : LIMUSA aIV, 552 P. ; 24 CM. aTRADUCCION DE "CALCULUS WITH ANALYTIC GEOMETRY" aI. CALCULO II. GEOMETRIA ANALITICA aPIÑA GARCIA, RODOLFO, TR.ÌÌ